Shakespeare Female Characters by Death Quiz Stats

 Plays Quiz Updated Sep 5, 2018

Challenge
Share
Tweet
Embed
Score 0/15 Timer 05:00
2 Plays Today
% Correct
Ophelia
74.3%
Desdemona
65.3%
Gertrude
55%
Joan de Pucelle
53.1%
Lady Macduff
52.1%
Lady Montague
51.4%
Regan
34.9%
Cordelia
30.8%
% Correct
Lavinia
29.4%
Emilia
27.1%
Daughter of Antiochus
25.8%
Charmian
23.2%
Lady Anne
21.8%
Porcia
21.7%
Iras
16.5%

You're not logged in!

Compare scores with friends on all Sporcle quizzes.
OR
Log In

You Might Also Like...

Show Comments

Extras

Top Quizzes Today


Score Distribution

Your Account Isn't Verified!

In order to create a playlist on Sporcle, you need to verify the email address you used during registration. Go to your Sporcle Settings to finish the process.

Report this User

Report this user for behavior that violates our Community Guidelines.

Details: